[Event "Brasov GP RO"]
[Site "Brasov"]
[Date "2023.07.17"]
[Round "3"]
[White "Peptan, Corina Isabela"]
[Black "Donici Maier, David"]
[Result "1-0"]
[WhiteElo "2334"]
[BlackElo "1779"]
[PlyCount "93"]
[EventDate "2023.07.16"]
[EventType "swiss"]
[EventRounds "9"]
[EventCountry "ROU"]
[SourceTitle "CBM 215 Extra"]
[Source "ChessBase"]
[SourceDate "2023.09.30"]
[SourceVersion "1"]
[SourceVersionDate "2023.09.30"]
[SourceQuality "1"]

1. d4 Nf6 2. c4 g6 3. Nc3 Bg7 4. g3 d6 5. Bg2 0-0 6. Nf3 c6 7. 0-0 Bf5 8. e3 Na6 9. a3 Ne4 10. Nxe4 Bxe4 11. Qe2 d5 12. b3 Nc7 13. Bb2 e6 14. Rfc1 Qe7 15. Bf1 Bxf3 16. Qxf3 a5 17. a4 Qf6 18. Qd1 Rfe8 19. Qd2 Bf8 20. Bc3 b6 21. c5 Na6 22. Bxa6 Rxa6 23. cxb6 Rxb6 24. Bxa5 Rxb3 25. Rxc6 Reb8 26. Kg2 Qf5 27. Qc2 Qxc2 28. Rxc2 Bb4 29. Bc7 Rc8 30. Raa2 f6 31. a5 Ra3 32. Rxa3 Bxa3 33. a6 Ra8 34. Rc6 Kf7 35. Bd6 Bxd6 36. Rxd6 Ke7 37. Rb6 h5 38. Rb7+ Kd6 39. a7 e5 40. Rb6+ Ke7 41. dxe5 fxe5 42. Rxg6 d4 43. exd4 exd4 44. Kf1 Kf7 45. Rd6 Ke7 46. Rg6 Kf7 47. Ra6 1-0

[Event "Arad op 15th"]
[Site "Arad"]
[Date "2022.08.09"]
[Round "2"]
[White "Donici Maier, David"]
[Black "Kazarian, Anna Maja"]
[Result "1-0"]
[WhiteElo "1768"]
[BlackElo "2139"]
[PlyCount "155"]
[EventDate "2022.08.08"]
[EventType "swiss"]
[EventRounds "9"]
[EventCountry "ROU"]
[SourceTitle "CBM 209 Extra"]
[Source "ChessBase"]
[SourceDate "2022.09.30"]
[SourceVersion "1"]
[SourceVersionDate "2022.09.30"]
[SourceQuality "1"]

1. e4 e6 2. d4 d5 3. Nd2 Be7 4. Ngf3 Nf6 5. e5 Nfd7 6. Bd3 c5 7. c3 Nc6 8. Bc2 f6 9. exf6 Bxf6 10. Nb3 c4 11. Nbd2 e5 12. dxe5 Ndxe5 13. h3 0-0 14. 0-0 Be6 15. Nxe5 Nxe5 16. Nf3 Nc6 17. Be3 Qd7 18. Nd4 Bxd4 19. Bxd4 Bf5 20. Bxf5 Qxf5 21. Qd2 Rae8 22. Rae1 b6 23. Re3 Rxe3 24. Qxe3 Nxd4 25. Qxd4 Re8 26. b3 Re4 27. Qd2 cxb3 28. axb3 Qe5 29. Rd1 Kf8 30. g3 Ke7 31. Kg2 Ke6 32. Qd3 g6 33. Qb5 Kd6 34. Rd3 Re2 35. Rf3 Qe4 36. Qa6 Rc2 37. Qxa7 Rxc3 38. Qxb6+ Rc6 39. Qd8+ Kc5 40. Qf8+ Kb5 41. Kh2 d4 42. Rf4 Qd5 43. Qa3 Ra6 44. Qb2 Rd6 45. Qd2 Kc6 46. Qd3 Qb5 47. Qe4+ Kc5 48. Rf8 Kb4 49. Rc8 Rd5 50. Qe1+ Ka3 51. Qc1+ Kb4 52. Qe1+ Ka3 53. Qa1+ Kb4 54. Rc4+ Kxb3 55. Rc1 Qd3 56. Rb1+ Qxb1 57. Qxb1+ Kc3 58. Qc1+ Kb4 59. Qb2+ Kc5 60. Qc2+ Kd6 61. Qd3 Kc5 62. Kg2 Rf5 63. f4 Rf6 64. Qc2+ Kd5 65. Qb3+ Kc5 66. Kf3 Rb6 67. Qa3+ Kc4 68. Qa4+ Rb4 69. Qc2+ Kd5 70. Qe4+ Kc4 71. Qc6+ Kd3 72. Qa6+ Rc4 73. g4 Kc3 74. Qa3+ Kd2 75. Qb2+ Kd3 76. f5 gxf5 77. gxf5 Rc3 78. Qe2# 1-0

[Event "ROM-ch U14"]
[Site "Mamaia"]
[Date "2021.04.09"]
[Round "3"]
[White "Sachilaru, Alexandru"]
[Black "Donici Maier, David"]
[Result "1-0"]
[WhiteElo "1917"]
[BlackElo "1298"]
[PlyCount "85"]
[EventDate "2021.04.07"]
[EventType "swiss"]
[EventRounds "9"]
[EventCountry "ROU"]
[SourceTitle "EXT 2022"]
[Source "ChessBase"]
[SourceDate "2021.10.06"]
[SourceVersion "1"]
[SourceVersionDate "2021.10.06"]
[SourceQuality "1"]

1. c4 Nf6 2. Nc3 g6 3. g3 Bg7 4. Bg2 0-0 5. Nf3 d6 6. 0-0 c6 7. d4 Bf5 8. b3 Qc8 9. Bb2 Re8 10. Re1 Ne4 11. Nd2 Nxc3 12. Bxc3 e5 13. dxe5 Nd7 14. e4 Be6 15. Nf3 Nxe5 16. Nd4 Bh3 17. f4 Bg4 18. Qc2 c5 19. Nb5 Qd7 20. fxe5 Bxe5 21. Bxe5 Rxe5 22. Qd3 a6 23. Qxd6 Re7 24. Qxd7 Rxd7 25. Nc3 Be6 26. Nd5 Bxd5 27. cxd5 f6 28. e5 fxe5 29. Rxe5 Rad8 30. Rae1 Kg7 31. g4 b5 32. g5 c4 33. bxc4 bxc4 34. Re7+ Kg8 35. Rxd7 Rxd7 36. Rc1 Rc7 37. d6 Rd7 38. Rxc4 Rxd6 39. h4 Rd1+ 40. Kh2 Rd2 41. Ra4 Rd6 42. Bf1 Rd2+ 43. Kg3 1-0